1.000 años de alegrías y penas. Memorias.

Guardat en:
Dades bibliogràfiques
Autor principal: Weiwei, Ai (autor)
Altres autors: Gragera, Abraham (traducción)
Format: Desconegut
Publicat: Barcelona, España: Debate, 2021.
Edició:Primera edición.
Col·lecció:Biografías y Memorias
Matèries:
Etiquetes: Afegir etiqueta
Sense etiquetes, Sigues el primer a etiquetar aquest registre!

MARC

LEADER 00000 a2200000 4500
003 CL-VaPUC
005 20230414152820.0
008 221110t2021 ||||| |||| 00| 0 eng d
020 |a 978-84-18056-99-4 
040 |c Pontificia Universidad Católica de Valparaíso 
082 |2 22  |a 709.2 WEI 2021 
100 |a Weiwei, Ai  |9 878346  |e autor 
245 |a 1.000 años de alegrías y penas.  |b Memorias. 
250 |a Primera edición. 
260 |a Barcelona, España:  |b Debate,  |c 2021. 
300 |a 423 páginas. 
490 |a Biografías y Memorias 
583 |k GC  |c 20221110 
600 0 |9 878346  |a Weiwei, Ai  |v Autobiografía   |x Artista   |z China  
650 0 |9 878657  |a Artistas chinos  |v Biografía  |x Ideología política  
651 0 |a China   |x Historia política   |y Siglo 21  |9 257545 
700 |a Gragera, Abraham  |e traducción  |9 878363 
942 |2 ddc  |c BK 
999 |c 439371  |d 439369 
952 |0 0  |1 0  |2 ddc  |4 0  |6 709_200000000000000_WEI_2021  |7 0  |8 R  |9 587648  |a BIBART  |b BIBART  |d 2022-11-10  |e 159  |g 16200.00  |i 5655523  |o 709.2 WEI 2021  |p 5655523  |r 2025-03-13  |t 1  |v 16200.00  |w 2022-11-10  |y BK_R  |k ART 
952 |0 0  |1 0  |2 ddc  |4 0  |6 709_200000000000000_WEI_2021  |7 0  |8 R  |9 589663  |a BIBART  |b BIBART  |d 2023-04-14  |e 159  |g 19000.00  |i 5657173  |l 2  |o 709.2 WEI 2021  |p 5657173  |r 2025-03-13  |s 2023-06-19  |t 2  |v 19000.00  |w 2023-04-14  |y BK_R  |k ART